000 00623nam a22002537a 4500
003 UA-OsUOA
001 28194
007 ta
008 20040929b un ||||| |||| 00| 0 ukr d
100 _aПівторак Григорій Петрович
090 _a811.161.3
_bП32
942 _cBK
040 _aUA-OsUOA
_bukr
_cUA-OsUOA
_dUA-OsUOA
245 _aБілоруська мова
_bПідручник
300 _a240 с.
955 _a0
041 _aukr
080 _a811.161.3
020 _a5-325-00678-9
260 _aКиїв
_bЛибідь
_c1997
044 _aUA
650 7 _2UDC
999 _c314556
_d314556